Catálogo
 En Linea

200 versos para una sola rosa / (Registro nro. 30389)

Detalles MARC
000 -CABECERA
campo de control de longitud fija 00551nam a2200169 a 4500
001 - NÚMERO DE CONTROL
campo de control 000030897
005 - FECHA Y HORA DE LA ÚLTIMA TRANSACCIÓN
campo de control 20240305141307.0
008 - DATOS DE LONGITUD FIJA--INFORMACIÓN GENERAL
campo de control de longitud fija 110603s1956 dr c 000 p spa d
040 ## - FUENTE DE LA CATALOGACIÓN
Centro catalogador/agencia de origen DO-SdBNP
Lengua de catalogación spa
Centro/agencia transcriptor BNPHU
082 ## - NÚMERO DE LA CLASIFICACIÓN DECIMAL DEWEY
Número de clasificación xxx
Número de documento/Ítem S211d
049 ## - FONDOS LOCALES (OCLC)
Fondos de biblioteca BNPD
100 1# - ENTRADA PRINCIPAL--NOMBRE DE PERSONA
Nombre de persona Sánchez Lamouth, Juan,
Fechas asociadas al nombre 1929-1968
9 (RLIN) 20547
245 10 - MENCIÓN DE TÍTULO
Título 200 versos para una sola rosa /
Mención de responsabilidad, etc. Juan Sánchez Lamouth.
246 3# - FORMA VARIANTE DE TÍTULO
Título propio/Titulo breve Veinte versos para una sola rosa
260 ## - PUBLICACIÓN, DISTRIBUCIÓN, ETC.
Lugar de publicación, distribución, etc. Ciudad Trujillo, República Dominicana :
Nombre del editor, distribuidor, etc. Imprenta D. Hernández,
Fecha de publicación, distribución, etc. 1956.
300 ## - DESCRIPCIÓN FÍSICA
Extensión 12 p. :
Otras características físicas il. ;
Dimensiones 25 cm.
Existencias
Estado de retiro Estado de pérdida Restricciones de uso No para préstamo Código de colección Localización permanente Ubicación/localización actual Ubicación en estantería Fecha de adquisición Número de inventario Total de préstamos Signatura topográfica completa Código de barras Fecha visto por última vez Precio válido a partir de Tipo de ítem Koha Nota pública
      Excluido de préstamo Raros y valiosos Patrimonio Dominicano Patrimonio Dominicano En catalogación 03.06.2011 LF1   xxx S211d 30897-10 25.06.2020 25.06.2020 No se presta Perteneció a la biblioteca personal de Aída Cartagena Portalatín. Dedicado por el autor.

Con tecnología Koha